000 00956nam a2200289 4500
001 35936
003 BD-RjUL
005 20211209052415.0
008 140611s1953 nyuab bs 001 0 eng
035 _a(BD-RjUL)36033
040 _aDLC
_cDLC
_dBD-RjUL
_beng
041 _aeng
082 0 0 _a330.9
_bWOW 1953
100 1 _aWoytinsky, Wladimir S.
_d1885-1960.
_925177
245 1 0 _aWorld population and production :
_btrends and outlook /
_cW. S. Woytinsky and E. S. Woytinsky.
260 _aNew York :
_bTwentieth Century Fund,
_cc1953.
300 _alxxii, 1268 p. :
_billus. ;
_c27 cm.
504 _aIncludes Bibliography and index.
650 0 _aEconomic history
_y1945-1971.
_97885
650 0 _aPopulation.
_9109396
650 0 _aNatural resources.
_9109397
700 1 _aWoytinsky, Emma Shadkhan
_d1893-1968,
_ejoint author.
_925181
710 2 _aTwentieth Century Fund.
_9109398
942 _2ddc
_cBK
999 _c35936
_d35936